000 00972cab a2200277 4500
001 WB3108-06
008 090401t1995 xxu||||| |||| 00| 0 eng d
035 _a(Sirsi) u9462
041 _aeng
245 _aHotels must attract investors
260 _c1995
350 _a0
490 _aFinancial Times
_v24 February 1995, 10(1)
520 _aPoor management in the hotel industry and lack of a standard approach to hotel valuation deters institutional investment in this sector. "Institutional investment in the UK hotel industry" Parnell Kerr Forster Associates £50.
650 _aBASIS OF VALUATION
650 _aHOTELS
650 _aINSTITUTIONAL INVESTMENT
650 _aINVESTMENT
650 _aLEISURE SECTOR
650 _aPANNELL KERR FORSTER ASSOCIATES
650 _aValuation
_96273
690 _aPROPERTY-COMMERCIAL PROPERTY-COMMERCIAL PROPERTY FINANCE AND INVESTMENT
690 _aLEISURE AND RECREATION
942 _n0
948 _c04/03/1997
999 _c5914
_d5914